| 000 | 01830cam a22004454i 4500 | ||
|---|---|---|---|
| 003 | PE-LiUPU | ||
| 005 | 20250731165435.0 | ||
| 008 | 160509s2009 pe a grm 000 0 spa d | ||
| 035 | _a(Sirsi) a156628 | ||
| 040 |
_aPE-LiUPU _bspa _cPE-LiUPU _erda |
||
| 099 | _aTIAm 2 G32 2009 | ||
| 100 | 1 |
_aGayoso Rubín, Lizbeth Rocío _eautor |
|
| 245 | 1 |
_aDiseño e implementación de un sistema de gestión de seguridad y salud en el trabajo para la Empresa Lidermix SAC / _cLizbeth Rocío Gayoso Rubín. |
|
| 264 | 0 | _c2009. | |
| 300 |
_a106 hojas _c30 cm |
||
| 336 |
_atext _2rdacontent |
||
| 337 |
_aunmediated _2rdamedia |
||
| 338 |
_avolume _2rdacarrier |
||
| 502 |
_aTesis _b(Lic.) -- _cUniversidad Peruana Unión, _d2009. |
||
| 504 | _aIncluye referencias | ||
| 520 | 3 | _aLa presente investigación está basada en el "Diseño e implementación de un Sistema de Gestión de Seguridad y Salud en el Trabajo en la empresa de concreto premezclado LIDERMIX S.A.C, alineado a la normativa vigente. D.S. Nro. 009-2005-TR y su modificatoria D.S. Nro. 007-2007-TR con la finalidad de minimizar los riesgos a los cuales están expuestos los trabajadores que laboran en dicha empresa, contribuir con el bienestar de ellos, aumentar la productividad en la empresa y cumplir con la normativa vigente. | |
| 526 | _aSEG44 | ||
| 526 | _aSEG26 | ||
| 526 | _aP151 | ||
| 526 | _aP150 | ||
| 526 | _aP149 | ||
| 526 | _aP146 | ||
| 526 | _aP145 | ||
| 526 | _aP126 | ||
| 526 | _aP125 | ||
| 526 | _aP92 | ||
| 526 | _aP75 | ||
| 526 | _aP74 | ||
| 526 | _aP27 | ||
| 526 | _aP15 | ||
| 650 | 0 | 4 | _aSeguridad en salud. |
| 596 | _a1 | ||
| 942 |
_2ddc _cTESIS |
||
| 999 |
_aTIAM 2 G32 2009 _wALPHANUM _c9282 _iT01127 _d9282 _lCCODEBUL3 _mBUL _q1 _r1 _sY _tTESIS _u2016-5-9 _xINGENIERIA _PP24 _o.STAFF. Tesis |
||
| 980 |
_81 _gALBERTO SANCHEZ Responsable de Automatización |
||